000 00672nam a2200253Ia 4500
003 OSt
005 20220918163424.0
006 a|||||r|||| 00| 0
007 ta
008 220917b |||||||| |||| 00| 0 eng d
020 _a0 7156 0642 5
024 _a30,615
037 _cTextual
040 _aARTS
_cARTS
_beng
041 _2eng
_aeng
082 _aO111,4M96:g, L5
100 _aAckerley J R
_913059
245 0 _aLetters ed by Neville Braybrook
260 _aLondon
_bDuckworth UK
_c1975
300 _axxxvi,354p.
_ccm.
650 _aENGLISH LITERATURE
942 _hO111,4M96:g, L5
_cTEXL
_2CC
999 _c119513
_d119513